| 000 | 01250cam a2200361 i 4500 | ||
|---|---|---|---|
| 001 | 12232 | ||
| 003 | OSt | ||
| 005 | 20250709121643.0 | ||
| 008 | 131018s2014 nyuab 001 0 eng | ||
| 010 | _a 2013036784 | ||
| 020 |
_a9781616891701 _qpaperback : alk. paper |
||
| 035 | _a17907895 | ||
| 040 |
_aDLC _beng _cDLC _erda |
||
| 042 | _apcc | ||
| 050 | 0 | 0 |
_aZ246 _b.T87 2014 |
| 082 | 0 | 0 |
_a686.22 LUP _223 _b12232 |
| 100 | _aLupton,Ellen | ||
| 245 | 0 | 0 |
_aType on screen : _ba guide for designers, developers, writers, and students / _cEllen Lupton, editor. |
| 250 | _aFirst Edition. | ||
| 264 | 1 |
_aNew York : _bPrinceton Architectural Press, _c[2014] |
|
| 300 |
_a208 pages : _billustrations (chiefly color), color maps ; _c22 cm. |
||
| 336 |
_atext _2rdacontent |
||
| 337 |
_aunmediated _2rdamedia |
||
| 338 |
_avolume _2rdacarrier |
||
| 490 | 0 | _aDesign briefs-essential texts on design | |
| 500 | _aIncludes index. | ||
| 650 | 0 | _aGraphic design (Typography) | |
| 650 | 0 | _aDigital media. | |
| 700 | 1 |
_aLupton, Ellen, _eeditor. |
|
| 906 |
_a7 _bcbc _corignew _d1 _eecip _f20 _gy-gencatlg |
||
| 942 |
_2ddc _cREF _n0 |
||
| 999 |
_c9869 _d9869 |
||